000 00246nam a2200109Ia 4500
008 190216s9999||||xx |||||||||||||| ||und||
100 _aMoidu Padiyath
245 0 _aFokland Road
260 _bReegla Book Depo
650 _aMalayalam
942 _cBK
999 _c25685
_d25685